[Event "2nd Asian Nations Team Cup U14 2019"]
[Site "Shenzhen"]
[Date "2019.12.25"]
[Round "8.13"]
[White "Wang, Benchi"]
[Black "Batbold, Nyamsuren"]
[Result "1-0"]
[WhiteElo "1747"]
[BlackElo "1963"]
[Annotator "NA RC"]
[PlyCount "109"]
[EventDate "2019.12.19"]
[EventType "team-tourn"]
[EventCountry "CHN"]
[SourceTitle "playchess.com"]
[Source "ChessBase"]
[SourceQuality "1"]
[WhiteTeam "China"]
[BlackTeam "Mongolia"]
[WhiteTeamCountry "CHN"]
[BlackTeamCountry "MGL"]
[TimeControl "5400+30"]

{[%evp 8,109,2,-12,0,-25,0,0,4,0,24,-6,-3,5,0,-10,2,-4,-9,-8,0,0,10,0,0,0,0,0,70,-12,-6,-1,6,0,21,32767,32767,250,239,229,242,282,291,297,266,262,371,32767,32767,32767,32767,32767,313,333,323,339,321,344,332,337,302,360,345,354,392,340,334,340,346,384,371,364,453,396,480,408,574,372,32767,32767,32767,32767,659,458,402,400,398,350,400,343,398,537,398,442,624,714,659,32767,32767,32767,32767,32767,29984,29963]} 1. d4 {[%emt 0:00:00]} d5 {[%emt 0:00:00]} 2. Bf4 {[%emt 0:00:00]} c5 {[%emt 0:06:14]} 3. e3 {[%emt 0:00:07]} Nc6 {[%emt 0:00:16]} 4. c3 {[%emt 0:00:17]} Nf6 {[%emt 0:00:32]} 5. Nd2 {[%emt 0:00:47]} Bf5 {[%emt 0:11:32]} (5... Qb6 6. Qb3 Nh5 7. Qxb6 axb6 8. Bc7 cxd4 9. exd4 e5 10. Bxe5 Nxe5 11. dxe5 Bc5 12. g3 O-O {1-0 (76) Aronian,L (2765)-Caruana,F (2832) London 2018}) 6. Bb5 {[%emt 0:06:27] D00: 1 d4 d5: Unusual lines} e6 {[%emt 0:05:53]} 7. Ngf3 {[%emt 0:00:45]} Qb6 {[%emt 0:00:55]} 8. Qa4 {[%emt 0:02:19]} Nd7 {[%emt 0:05:10]} 9. O-O {[%emt 0:03:53]} a6 {[%emt 0:05:48]} 10. Bxc6 {[%emt 0:00:10]} Qxc6 {[%emt 0:07:37]} 11. Qxc6 {[%emt 0:00:38]} bxc6 {[%emt 0:00:01]} 12. Rfe1 {[%emt 0:01:38]} Be7 {[%emt 0:09:25]} 13. e4 $146 {[%emt 0:03:14]} ({Predecessor:} 13. Nb3 Rc8 14. h3 f6 15. dxc5 {0-1 (30) Zach,A (2321)-Krivoborodov,E (2511) Germany 2015}) 13... Bg6 {[%emt 0:00:41]} 14. c4 {[%emt 0:02:57]} Nf6 {[%emt 0:08:18]} 15. exd5 {[%emt 0:02:07]} cxd5 {[%emt 0:00:07]} 16. Bg5 {[%emt 0:03:59]} dxc4 {[%emt 0:06:05]} 17. Nxc4 {[%emt 0:00:39]} O-O {[%emt 0:08:19]} (17... Bh5 $11) 18. Rac1 {[%emt 0:01:08]} (18. Bxf6 $1 $14 gxf6 19. d5) 18... cxd4 {[%emt 0:06:49]} 19. Nxd4 {[%emt 0:00:09]} Bc5 {[%emt 0:00:39]} 20. Bxf6 {[%emt 0:02:13]} gxf6 {[%emt 0:00:28]} 21. Nc6 {[%emt 0:00:09]} Rfc8 {[%emt 0:08:30] [#]} 22. Nb6 $1 {[%emt 0:03:43]} Bxb6 {[%emt 0:00:33]} 23. Ne7+ {[%emt 0:00:05] Double Attack} Kg7 {[%emt 0:00:43]} 24. Rxc8 {[%emt 0:00:23]} ({Much less strong is} 24. Nxc8 $6 Bd4 $18) 24... Ra7 {[%emt 0:00:36]} 25. Nxg6 {[%emt 0:00:08]} hxg6 {[%emt 0:00:12]} 26. Rd1 {[%emt 0:00:21]} e5 {[%emt 0:00:15]} (26... a5 {was necessary.} 27. b3 g5) 27. Rd6 {[%emt 0:00:35]} Bd4 {[%emt 0:00:17]} 28. b3 {[%emt 0:00:33]} a5 {[%emt 0:00:07]} 29. Rc4 {[%emt 0:00:10]} Rb7 {[%emt 0:01:34]} 30. Rd5 {[%emt 0:01:08]} Ra7 {[%emt 0:00:37]} 31. Kf1 {[%emt 0:00:15]} Kf8 {[%emt 0:00:10]} 32. Ke2 {[%emt 0:00:59]} Ke7 {[%emt 0:00:11]} 33. f3 {[%emt 0:00:25]} Ke6 {[%emt 0:00:11]} 34. Rd8 {[%emt 0:00:07]} f5 {[%emt 0:00:43]} 35. h4 {[%emt 0:00:40]} Ke7 {[%emt 0:01:23]} 36. Rh8 {[%emt 0:00:36]} Kf6 {[%emt 0:01:19]} 37. Re8 {[%emt 0:00:24]} f4 {[%emt 0:01:03]} 38. Rec8 {[%emt 0:00:38]} Rd7 {[%emt 0:00:47]} 39. Ra8 {[%emt 0:02:27]} Be3 {[%emt 0:00:12]} 40. Rc2 {[%emt 0:00:08]} Rd5 {[%emt 0:00:14]} 41. Rb8 {[%emt 0:00:42]} Kf5 {[%emt 0:00:25]} (41... Bd4 $142 42. Rc6+ Kf5) 42. b4 {[%emt 0:00:14]} axb4 {[%emt 0:02:57]} 43. Rxb4 {[%emt 0:00:11]} f6 {[%emt 0:00:03]} 44. a4 {[%emt 0:00:14]} Rd7 $2 {[%emt 0:01:58]} (44... Rd6 45. g4+ Ke6) 45. a5 {[%emt 0:00:30]} Rh7 {[%emt 0:00:11]} 46. a6 {[%emt 0:01:45]} Rxh4 {[%emt 0:00:06]} 47. Ra4 {[%emt 0:00:19]} Rh2 {[%emt 0:00:19]} 48. Kd3 {[%emt 0:00:09]} Ba7 {[%emt 0:00:13]} 49. Rc7 {[%emt 0:00:17]} Be3 {[%emt 0:00:05]} 50. Ra2 {[%emt 0:00:05]} ({Not} 50. a7 Bxa7 51. Rcxa7 (51. Raxa7 Rxg2 52. Rh7 Rf2 $18) 51... Rxg2 $18) 50... g5 {[%emt 0:00:20]} (50... Rh8 $142 51. a7 Rd8+ 52. Kc4 Ra8) 51. a7 {[%emt 0:00:05]} Bxa7 {[%emt 0:00:03]} 52. Rcxa7 {[%emt 0:00:03]} g4 {[%emt 0:00:06]} 53. fxg4+ {[%emt 0:00:04]} Kxg4 {[%emt 0:00:04]} 54. Ke4 {[%emt 0:00:08]} Rh5 {[%emt 0:02:05]} 55. Rf7 {[%emt 0:00:28]} 1-0

[Event "2nd Asian Nations Team Cup U14 2019"]
[Site "Shenzhen"]
[Date "2019.12.25"]
[Round "8.14"]
[White "Erkhes, Bayartnar"]
[Black "Zhang, Yuanxiao"]
[Result "1-0"]
[WhiteElo "1937"]
[BlackElo "1545"]
[Annotator "NA RC"]
[PlyCount "73"]
[EventDate "2019.12.19"]
[EventType "team-tourn"]
[EventCountry "CHN"]
[SourceTitle "playchess.com"]
[Source "ChessBase"]
[SourceQuality "1"]
[WhiteTeam "Mongolia"]
[BlackTeam "China"]
[WhiteTeamCountry "MGL"]
[BlackTeamCountry "CHN"]
[TimeControl "5400+30"]

{[%evp 8,73,28,27,31,15,51,23,33,22,33,12,48,45,62,56,64,65,78,93,81,48,69,48,61,50,41,10,50,2,6,25,27,0,19,4,0,16,0,3,153,160,220,251,406,423,465,478,468,559,514,593,29985,29990,29994,29995,29995,29994,29994,29989,29988,29993,29994,29993,29993,29993,29996,29997]} 1. e4 {[%emt 0:00:00]} e5 {[%emt 0:00:00]} 2. Nf3 {[%emt 0:00:00]} Nc6 {[%emt 0:00:00]} 3. Bb5 {[%emt 0:00:00]} Nf6 {[%emt 0:00:00]} 4. d3 {[%emt 0:00:20]} d6 {[%emt 0:00:15]} 5. O-O {[%emt 0:00:40]} Be7 {[%emt 0:00:17]} 6. Re1 {[%emt 0:00:33]} O-O {[%emt 0:00:18]} 7. c3 {[%emt 0:00:09]} a6 {[%emt 0:01:20]} 8. Ba4 {[%emt 0:00:07]} b5 {[%emt 0:00:15]} 9. Bc2 {[%emt 0:00:03]} Bg4 {[%emt 0:00:55]} 10. Nbd2 {[%emt 0:01:42]} Re8 {[%emt 0:00:33] C87: Closed Ruy Lopez: Steinitz-type lines after 6 Re1 d6} (10... d5 11. h3 Bh5 12. Qe2 dxe4 13. Nxe4 Bg6 14. Nh4 Qd7 15. Nxg6 hxg6 16. Ng5 Rad8 17. g3 Bd6 18. a4 Ne7 19. axb5 axb5 {1-0 (31) Muzychuk,A (2549)-Batsiashvili,N (2500) Germany 2015}) 11. h3 {[%emt 0:00:15]} Bh5 {[%emt 0:00:40]} 12. Nf1 {[%emt 0:00:13]} Bf8 {[%emt 0:01:56]} 13. Ng3 {[%emt 0:00:06]} Bg6 {[%emt 0:00:05]} 14. d4 {[%emt 0:00:18]} exd4 $146 {[%emt 0:02:38]} ({Predecessor:} 14... d5 15. dxe5 Nxe5 16. Nxe5 Rxe5 17. f4 Bc5+ 18. Be3 Bxe3+ 19. Rxe3 Rxe4 20. Nxe4 Bxe4 21. Bxe4 Nxe4 {1-0 (52) Maciulaityte,B (1766)-Jaskunaite,A (1135) Lithuania 2018}) 15. cxd4 {[%emt 0:00:21]} Na5 {[%emt 0:02:10]} 16. Nh4 {[%emt 0:03:49]} c5 {[%emt 0:01:36]} 17. Nhf5 {[%emt 0:09:26]} Nc6 {[%emt 0:04:54]} 18. Bg5 {[%emt 0:02:09]} (18. d5 $14 Ne5 19. b3) 18... Bxf5 {[%emt 0:02:24]} 19. Nxf5 {[%emt 0:03:16]} h6 {[%emt 0:01:55]} (19... g6 $5 {[%cal Rg6f5]}) 20. Bh4 {[%emt 0:04:49]} g6 {[%emt 0:02:36]} 21. e5 {[%emt 0:07:58]} dxe5 {[%emt 0:01:03]} 22. dxe5 {[%emt 0:00:06]} Qxd1 {[%emt 0:00:22]} 23. Raxd1 {[%emt 0:00:03]} Nh5 $2 {[%emt 0:00:36]} ({Black should play} 23... gxf5 $11 24. exf6 (24. Bxf6 Bg7 $11) 24... Rxe1+ 25. Rxe1 Nd4) 24. Be4 {[%emt 0:02:44]} Rac8 {[%emt 0:02:07]} (24... Rec8 $16) 25. Nd6 {[%emt 0:00:13]} Bxd6 {[%emt 0:00:28]} (25... Nd4 {was worth a try.} 26. b4 (26. Nxe8 Rxe8 27. f3 a5 $18) 26... g5) 26. exd6 {[%emt 0:00:04]} Ne5 {[%emt 0:01:55]} 27. Bb7 {[%emt 0:04:33] Double Attack} ({Not} 27. d7 Nxd7 28. Rxd7 g5 $14) 27... Rb8 {[%emt 0:00:26] [#]} 28. Rxe5 $1 {[%emt 0:00:30] Promotion} Rxe5 {[%emt 0:01:28]} 29. d7 {[%emt 0:00:03]} f5 {[%emt 0:00:30]} (29... Rf8 $18 30. d8=Q Rxd8 31. Bxd8 Re2 32. Bxa6 Rxb2) 30. Bc8 {[%emt 0:00:07]} g5 {[%emt 0:03:12]} 31. d8=Q+ {[%emt 0:00:05]} Kh7 {[%emt 0:00:51]} 32. Qc7+ {[%emt 0:00:11]} Ng7 {[%emt 0:01:16]} 33. Qxb8 {[%emt 0:00:13]} Re7 {[%emt 0:00:24] [#]} 34. Qd6 $1 {[%emt 0:00:12]} Re8 {[%emt 0:00:42]} 35. Bd7 {[%emt 0:00:12]} Re4 {[%emt 0:00:22]} 36. Qf6 {[%emt 0:00:50]} Rxh4 {[%emt 0:02:41]} 37. Bxf5+ {[%emt 0:02:32]} 1-0

[Event "2nd Asian Nations Team Cup U14 2019"]
[Site "Shenzhen"]
[Date "2019.12.25"]
[Round "8.17"]
[White "Hou, Yifan b"]
[Black "Yeoh, Yuan Hui"]
[Result "1/2-1/2"]
[WhiteElo "2124"]
[BlackElo "1738"]
[Annotator "TA"]
[PlyCount "77"]
[EventDate "2019.12.19"]
[EventType "team-tourn"]
[EventCountry "CHN"]
[SourceTitle "playchess.com"]
[Source "ChessBase"]
[SourceQuality "1"]
[WhiteTeam "China"]
[BlackTeam "Malaysia"]
[WhiteTeamCountry "CHN"]
[BlackTeamCountry "MAS"]

{[%evp 11,77,25,41,-4,0,0,23,18,29,19,31,-6,18,-50,-54,-50,-21,-17,-17,-17,-11,-16,-7,-25,-18,-23,-23,-27,-27,-30,-19,-20,-14,-35,-35,-27,-22,-40,0,0,0,0,0,-89,-90,-139,-147,-138,-148,-135,-137,-120,-67,-80,0,-102,0,0,0,0,0,0,0,0,0,0,0,0]} 1. d4 d5 2. Nf3 Nf6 3. c4 c6 4. e3 g6 5. Bd3 Bg7 6. O-O O-O 7. b3 {D70: Grünfeld: Unusual White 3rd moves (met by ...d5)} (7. Nc3 Bg4 8. cxd5 Bxf3 9. Qxf3 cxd5 10. Qe2 Nc6 11. Rd1 Nb4 12. Bb1 Nc6 13. Bd2 Rc8 14. Be1 Re8 15. Bd3 a6 {0-1 (40) Kuzubov,Y (2651)-Oleksienko,M (2615) Rivne 2016}) 7... Bg4 8. Bb2 Nbd7 9. Nbd2 {White has an edge.} e6 10. Qc2 Rc8 11. Ne5 Bf5 $146 (11... Nxe5 {is more complex.} 12. dxe5 Nd7 13. f4 f6 14. exf6 Bxf6 15. Bxf6 Qxf6 16. Rac1 Nc5) ({Predecessor:} 11... Nxe5 12. dxe5 Nd7 13. h3 Bf5 14. Bxf5 gxf5 15. Rad1 Bxe5 16. Nf3 Bxb2 17. Qxb2 {1-0 (26) Thompson,B (1937)-Nylund,K ICC INT 2009}) 12. e4 (12. Rac1 $11) 12... dxe4 13. Nxe4 Nxe4 14. Bxe4 Bxe4 15. Qxe4 Nxe5 16. dxe5 Qd2 17. Bd4 Rfd8 18. Bxa7 Qa5 19. Bd4 Rxd4 20. Qxd4 {aiming for Rfe1.} Bxe5 21. Qd7 Rd8 $36 {[%mdl 2048] Black has the initiative.} 22. Qxb7 {Strongly threatening b4.} Bxa1 23. Rxa1 Qxa2 $11 {[%cal Ra2a1][%mdl 4096] Endgame KQR-KQR} 24. Rf1 Rd3 25. Qb8+ Kg7 26. Qe5+ Kg8 27. h4 (27. Qb8+ $11 Kg7 28. Qe5+ Kg8 29. Qb8+) 27... Qxb3 $17 28. h5 Rd1 ({Reject} 28... Qxc4 $6 29. Rb1 $11) 29. Qe2 {[#]} Rxf1+ $1 30. Qxf1 gxh5 {KQ-KQ} 31. Qc1 f6 (31... Kf8 $17 32. Qh6+ Ke8 33. Qxh7 Qxc4 34. Qg8+ Ke7 35. Qg5+ Kd7 36. Qxh5 f5 37. Qf7+ Kd6 38. Qf8+ Kd5) 32. Qf4 $15 f5 (32... Qd1+ $17 33. Kh2 Qd8) 33. Qd4 {[#]} (33. Qg5+ $11 {remains equal.} Kf7 34. Qxh5+ {[%mdl 64] Double Attack} Kg7 35. Qg5+ Kf7 36. Qh5+ Kg7 37. Qg5+ Kf7 38. Qh5+) 33... Qb1+ ({Black should try} 33... Qb4 $1 $17 34. Qh4 Qd2) 34. Kh2 $11 {The position is equal.} Qb8+ 35. g3 Qc7 36. Qf6 Qd7 37. Qg5+ Kf8 38. Qf6+ Kg8 39. Qg5+ {Accuracy: White = 50%, Black = 63%.} 1/2-1/2

[Event "2nd Asian Nations Team Cup U14 2019"]
[Site "Shenzhen"]
[Date "2019.12.25"]
[Round "8.18"]
[White "Foo, Jiu Yarng Clarance"]
[Black "Wei, Jianzhou"]
[Result "0-1"]
[WhiteElo "1654"]
[BlackElo "1755"]
[Annotator "NA RC"]
[PlyCount "68"]
[EventDate "2019.12.19"]
[EventType "team-tourn"]
[EventCountry "CHN"]
[SourceTitle "playchess.com"]
[Source "ChessBase"]
[SourceQuality "1"]
[WhiteTeam "Malaysia"]
[BlackTeam "China"]
[WhiteTeamCountry "MAS"]
[BlackTeamCountry "CHN"]
[TimeControl "5400+30"]

1. d4 {[%emt 0:00:00]} d5 {[%emt 0:00:00]} 2. c4 {[%emt 0:00:00]} e6 {[%emt 0:00:00]} 3. Nc3 {[%emt 0:00:00]} c6 {[%emt 0:00:00]} 4. cxd5 {[%emt 0:00:32]} exd5 {[%emt 0:00:19]} 5. Nf3 {[%emt 0:00:17]} Nf6 {[%emt 0:00:09]} 6. Bg5 {[%emt 0:00:43]} Be7 {[%emt 0:00:43]} 7. e3 {[%emt 0:00:35]} O-O {[%emt 0:00:32]} 8. h3 {[%emt 0:00:57]} Nbd7 {[%emt 0:00:58]} 9. Bd3 {[%emt 0:00:13]} Re8 {[%emt 0:02:53]} 10. O-O {[%emt 0:00:27]} Nf8 {[%emt 0:02:46]} 11. Qc2 {[%emt 0:00:25]} Ng6 {[%emt 0:04:59]} 12. a3 {[%emt 0:02:57]} Ne4 {[%emt 0:04:24]} 13. Bf4 {[%emt 0:09:20]} Nxf4 {[%emt 0:06:35]} 14. exf4 {[%emt 0:00:06]} f5 {[%emt 0:03:27]} 15. b4 {[%emt 0:01:14]} Bf6 {[%emt 0:05:09]} 16. Na4 {[%emt 0:01:42]} Qd6 {[%emt 0:04:39]} 17. g3 {[%emt 0:12:59]} Re7 {[%emt 0:06:28]} 18. Nc5 {[%emt 0:05:37]} Rc7 {[%emt 0:05:44]} 19. Rac1 {[%emt 0:02:12]} b6 {[%emt 0:04:37]} 20. Nb3 {[%emt 0:01:32]} Bb7 {[%emt 0:01:16]} 21. Kh2 {[%emt 0:24:47]} Rac8 {[%emt 0:00:41]} 22. Bxe4 {[%emt 0:03:11]} dxe4 {[%emt 0:02:17]} 23. Ne5 {[%emt 0:01:05]} Qd5 {[%emt 0:01:00]} 24. Rfd1 {[%emt 0:01:54]} Ba6 {[%emt 0:04:02]} 25. Qb2 {[%emt 0:07:55]} Bxe5 {[%emt 0:01:27]} 26. fxe5 {[%emt 0:00:58]} f4 {[%emt 0:01:40]} 27. Rc3 {[%emt 0:07:29]} Rf8 {[%emt 0:03:04]} 28. g4 {[%emt 0:12:00]} e3 {[%emt 0:03:25]} 29. fxe3 {[%emt 0:01:47]} Qf3 {[%emt 0:00:05]} 30. Qd2 {[%emt 0:01:35]} Qg3+ {[%emt 0:00:12]} 31. Kh1 {[%emt 0:00:27]} Qxh3+ {[%emt 0:00:06]} 32. Qh2 {[%emt 0:00:22]} Qf3+ {[%emt 0:00:05]} 33. Qg2 {[%emt 0:00:38]} Qxd1+ {[%emt 0:00:09]} 34. Kh2 {[%emt 0:00:04]} Qe1 {[%emt 0:01:46]} 0-1

[Event "2nd Asian Nations Team Cup U14 2019"]
[Site "Shenzhen"]
[Date "2019.12.25"]
[Round "8.19"]
[White "Wang, Yuehan"]
[Black "Lee, Ryan"]
[Result "1-0"]
[WhiteElo "1724"]
[BlackElo "1615"]
[Annotator "NA RC"]
[PlyCount "131"]
[EventDate "2019.12.19"]
[EventType "team-tourn"]
[EventCountry "CHN"]
[SourceTitle "playchess.com"]
[Source "ChessBase"]
[SourceQuality "1"]
[WhiteTeam "China"]
[BlackTeam "Malaysia"]
[WhiteTeamCountry "CHN"]
[BlackTeamCountry "MAS"]
[TimeControl "5400+30"]

1. e4 {[%emt 0:00:00]} c5 {[%emt 0:00:00]} 2. Nf3 {[%emt 0:00:00]} Nc6 {[%emt 0:00:00]} 3. d4 {[%emt 0:00:00]} cxd4 {[%emt 0:00:00]} 4. Nxd4 {[%emt 0:00:00]} g6 {[%emt 0:00:00]} 5. Nc3 {[%emt 0:00:00]} Bg7 {[%emt 0:00:00]} 6. Be3 {[%emt 0:00:04]} Nf6 {[%emt 0:00:00]} 7. f3 {[%emt 0:00:15]} O-O {[%emt 0:00:00]} 8. Bc4 {[%emt 0:02:34]} Qb6 {[%emt 0:01:41]} 9. Bb3 {[%emt 0:03:01]} Nxe4 {[%emt 0:02:39]} 10. Nd5 {[%emt 0:00:18]} Qa5+ {[%emt 0:02:08]} 11. c3 {[%emt 0:00:15]} Nc5 {[%emt 0:04:49]} 12. Nxc6 {[%emt 0:01:05]} dxc6 {[%emt 0:00:35]} 13. Nxe7+ {[%emt 0:03:31]} Kh8 {[%emt 0:00:04]} 14. Nxc8 {[%emt 0:00:13]} Raxc8 {[%emt 0:00:40]} 15. O-O {[%emt 0:00:19]} Rcd8 {[%emt 0:02:06]} 16. Qc2 {[%emt 0:00:34]} Qb5 {[%emt 0:16:15]} 17. Rad1 {[%emt 0:00:45]} Rde8 {[%emt 0:02:09]} 18. Rfe1 {[%emt 0:01:33]} a5 {[%emt 0:01:39]} 19. c4 {[%emt 0:02:03]} Qb4 {[%emt 0:02:13]} 20. Bd2 {[%emt 0:00:11]} Qb6 {[%emt 0:00:42]} 21. Kh1 {[%emt 0:00:30]} Kg8 {[%emt 0:09:49]} 22. Bc3 {[%emt 0:00:40]} a4 {[%emt 0:09:57]} 23. Bxg7 {[%emt 0:00:38]} Kxg7 {[%emt 0:03:23]} 24. Qc3+ {[%emt 0:00:06]} Kg8 {[%emt 0:01:30]} 25. Bc2 {[%emt 0:00:06]} Qc7 {[%emt 0:05:29]} 26. Qf6 {[%emt 0:00:48]} Re6 {[%emt 0:04:19]} 27. Rxe6 {[%emt 0:00:17]} fxe6 {[%emt 0:01:00]} 28. Qg5 {[%emt 0:00:34]} b6 {[%emt 0:00:42]} 29. h4 {[%emt 0:00:32]} Qf4 {[%emt 0:06:29]} 30. b3 {[%emt 0:06:06]} Qxg5 {[%emt 0:02:57]} 31. hxg5 {[%emt 0:00:06]} axb3 {[%emt 0:00:10]} 32. axb3 {[%emt 0:00:04]} Rc8 {[%emt 0:02:30]} 33. Kh2 {[%emt 0:00:46]} Kf8 {[%emt 0:00:33]} 34. Kg3 {[%emt 0:00:09]} Ke7 {[%emt 0:00:08]} 35. Kf4 {[%emt 0:00:06]} Rd8 {[%emt 0:04:02]} 36. Rh1 {[%emt 0:00:05]} Rh8 {[%emt 0:01:08]} 37. Bxg6 {[%emt 0:00:27]} Nxb3 {[%emt 0:00:22]} 38. Rxh7+ {[%emt 0:00:06]} Rxh7 {[%emt 0:00:02]} 39. Bxh7 {[%emt 0:00:04]} b5 {[%emt 0:03:43]} 40. cxb5 {[%emt 0:00:11]} cxb5 {[%emt 0:00:04]} 41. Ke5 {[%emt 0:00:52]} Nc5 {[%emt 0:00:09]} 42. Kd4 {[%emt 0:00:30]} Nd7 {[%emt 0:00:18]} 43. f4 {[%emt 0:00:17]} Kf7 {[%emt 0:02:25]} 44. g3 {[%emt 0:01:10]} Kg7 {[%emt 0:00:28]} 45. Bd3 {[%emt 0:00:04]} b4 {[%emt 0:04:25]} 46. Kc4 {[%emt 0:00:27]} e5 {[%emt 0:03:21]} 47. f5 {[%emt 0:00:33]} b3 {[%emt 0:00:25]} 48. Kxb3 {[%emt 0:00:23]} e4 {[%emt 0:00:04]} 49. Be2 {[%emt 0:00:14]} Ne5 {[%emt 0:00:35]} 50. Kc3 {[%emt 0:00:18]} Nf7 {[%emt 0:01:29]} 51. g6 {[%emt 0:00:05]} Nh6 {[%emt 0:00:45]} 52. g4 {[%emt 0:00:05]} Ng8 {[%emt 0:00:31]} 53. g5 {[%emt 0:00:27]} Ne7 {[%emt 0:00:32]} 54. f6+ {[%emt 0:00:12]} Kxg6 {[%emt 0:00:01]} 55. fxe7 {[%emt 0:00:03]} Kf7 {[%emt 0:00:05]} 56. Kd4 {[%emt 0:00:04]} Kxe7 {[%emt 0:00:04]} 57. Kxe4 {[%emt 0:00:03]} Kf8 {[%emt 0:00:24]} 58. Kf5 {[%emt 0:00:06]} Kf7 {[%emt 0:00:27]} 59. g6+ {[%emt 0:00:10]} Kg7 {[%emt 0:00:10]} 60. Kg5 {[%emt 0:00:04]} Kg8 {[%emt 0:00:29]} 61. Kf6 {[%emt 0:00:07]} Kf8 {[%emt 0:00:07]} 62. Bb5 {[%emt 0:00:06]} Kg8 {[%emt 0:00:10]} 63. g7 {[%emt 0:00:04]} Kh7 {[%emt 0:00:12]} 64. Bc4 {[%emt 0:00:03]} Kh6 {[%emt 0:00:06]} 65. g8=Q {[%emt 0:00:06]} Kh5 {[%emt 0:00:03]} 66. Qg5# {[%emt 0:00:06]} 1-0

[Event "2nd Asian Nations Team Cup U14 2019"]
[Site "Shenzhen"]
[Date "2019.12.25"]
[Round "8.20"]
[White "Foo, Jing Er Claire"]
[Black "Zhao, Yunqing"]
[Result "1/2-1/2"]
[WhiteElo "1546"]
[BlackElo "1542"]
[Annotator "NA RC"]
[PlyCount "158"]
[EventDate "2019.12.19"]
[EventType "team-tourn"]
[EventCountry "CHN"]
[SourceTitle "playchess.com"]
[Source "ChessBase"]
[SourceQuality "1"]
[WhiteTeam "Malaysia"]
[BlackTeam "China"]
[WhiteTeamCountry "MAS"]
[BlackTeamCountry "CHN"]
[TimeControl "5400+30"]

1. d4 {[%emt 0:00:00]} Nf6 {[%emt 0:00:00]} 2. c4 {[%emt 0:00:00]} e6 {[%emt 0:00:00]} 3. Nf3 {[%emt 0:00:00]} b6 {[%emt 0:00:00]} 4. a3 {[%emt 0:00:01]} Bb7 {[%emt 0:00:00]} 5. Nc3 {[%emt 0:00:16]} Ne4 {[%emt 0:00:00]} 6. d5 {[%emt 0:11:47]} Nxc3 {[%emt 0:00:00]} 7. bxc3 {[%emt 0:00:11]} Na6 {[%emt 0:00:00]} 8. e4 {[%emt 0:05:28]} Be7 {[%emt 0:03:01]} 9. Bd3 {[%emt 0:06:24]} O-O {[%emt 0:00:47]} 10. O-O {[%emt 0:00:14]} d6 {[%emt 0:00:53]} 11. Nd4 {[%emt 0:03:11]} Nc5 {[%emt 0:03:22]} 12. Re1 {[%emt 0:05:31]} Bf6 {[%emt 0:02:53]} 13. Be3 {[%emt 0:06:04]} Re8 {[%emt 0:02:53]} 14. Rc1 {[%emt 0:01:32]} Qd7 {[%emt 0:01:11]} 15. Qc2 {[%emt 0:06:59]} a5 {[%emt 0:01:24]} 16. Rcd1 {[%emt 0:02:58]} g6 {[%emt 0:01:44]} 17. Nf3 {[%emt 0:08:40]} Na6 {[%emt 0:04:29]} 18. h4 {[%emt 0:02:31]} h5 {[%emt 0:05:52]} 19. Bg5 {[%emt 0:01:18]} Bxg5 {[%emt 0:00:46]} 20. Nxg5 {[%emt 0:00:15]} e5 {[%emt 0:00:08]} 21. Rf1 {[%emt 0:03:03]} Nc5 {[%emt 0:12:42]} 22. Be2 {[%emt 0:04:37]} Qa4 {[%emt 0:00:47]} 23. Qb2 {[%emt 0:09:04]} f6 {[%emt 0:03:32]} 24. Nf3 {[%emt 0:04:23]} Qb3 {[%emt 0:03:49]} 25. Qxb3 {[%emt 0:00:48]} Nxb3 {[%emt 0:00:05]} 26. Nd2 {[%emt 0:00:58]} Nc5 {[%emt 0:02:36]} 27. f3 {[%emt 0:02:34]} g5 {[%emt 0:02:36]} 28. hxg5 {[%emt 0:01:30]} fxg5 {[%emt 0:00:06]} 29. Rfe1 {[%emt 0:00:41]} h4 {[%emt 0:01:46]} 30. Nf1 {[%emt 0:01:17]} Kg7 {[%emt 0:00:26]} 31. Ne3 {[%emt 0:00:47]} a4 {[%emt 0:01:57]} 32. Bd3 {[%emt 0:01:52]} Ra5 {[%emt 0:00:33]} 33. Bc2 {[%emt 0:01:37]} Ba6 {[%emt 0:00:40]} 34. Rb1 {[%emt 0:00:51]} Rh8 {[%emt 0:02:01]} 35. Kf2 {[%emt 0:03:46]} Bc8 {[%emt 0:00:51]} 36. Rh1 {[%emt 0:00:33]} Bd7 {[%emt 0:00:47]} 37. Rb4 {[%emt 0:01:41]} Raa8 {[%emt 0:00:26]} 38. Ke2 {[%emt 0:00:58]} Rh7 {[%emt 0:01:14]} 39. Rbb1 {[%emt 0:00:22]} Rah8 {[%emt 0:00:39]} 40. Rh2 {[%emt 0:02:04]} Kg6 {[%emt 0:02:16]} 41. Rbh1 {[%emt 0:01:16]} Nb7 {[%emt 0:01:45]} 42. Nf5 {[%emt 0:00:50]} Na5 {[%emt 0:01:33]} 43. Bd3 {[%emt 0:01:11]} Bc8 {[%emt 0:02:53]} 44. Ne3 {[%emt 0:00:19]} Ba6 {[%emt 0:00:49]} 45. Kf2 {[%emt 0:00:42]} Rf7 {[%emt 0:01:29]} 46. Ke2 {[%emt 0:00:09]} Rhf8 {[%emt 0:00:51]} 47. Rb1 {[%emt 0:00:49]} Bc8 {[%emt 0:00:37]} 48. Nf5 {[%emt 0:00:43]} Bd7 {[%emt 0:03:32]} 49. Rhh1 {[%emt 0:00:22]} Rh7 {[%emt 0:01:35]} 50. Rh2 {[%emt 0:00:01]} Rg8 {[%emt 0:01:05]} 51. Rbh1 {[%emt 0:00:19]} Bxf5 {[%emt 0:01:15]} 52. exf5+ {[%emt 0:00:06]} Kf6 {[%emt 0:00:03]} 53. g4 {[%emt 0:01:28]} Ra8 {[%emt 0:00:42]} 54. Rb1 {[%emt 0:00:11]} Rhh8 {[%emt 0:00:40]} 55. Kf2 {[%emt 0:00:28]} Rhc8 {[%emt 0:01:01]} 56. Rhh1 {[%emt 0:00:38]} Nb3 {[%emt 0:00:43]} 57. Rhd1 {[%emt 0:00:53]} Ra5 {[%emt 0:01:04]} 58. Bc2 {[%emt 0:00:23]} Nc5 {[%emt 0:00:13]} 59. Rb4 {[%emt 0:00:35]} Rca8 {[%emt 0:01:24]} 60. Rdb1 {[%emt 0:00:25]} R5a7 {[%emt 0:01:54]} 61. Rd1 {[%emt 0:00:17]} Re8 {[%emt 0:00:25]} 62. Re1 {[%emt 0:00:38]} Rc8 {[%emt 0:00:52]} 63. Rd1 {[%emt 0:00:11]} Ra6 {[%emt 0:00:06]} 64. Rdb1 {[%emt 0:00:20]} Ke7 {[%emt 0:01:03]} 65. Kg2 {[%emt 0:01:27]} Rf8 {[%emt 0:01:12]} 66. Kf2 {[%emt 0:00:26]} Rf6 {[%emt 0:00:32]} 67. Rd1 {[%emt 0:00:24]} Kd7 {[%emt 0:00:24]} 68. Rdb1 {[%emt 0:00:01]} Rf8 {[%emt 0:00:57]} 69. R4b2 {[%emt 0:01:03]} Kc8 {[%emt 0:00:37]} 70. Ke2 {[%emt 0:00:31]} Re8 {[%emt 0:00:54]} 71. Be4 {[%emt 0:00:31]} Nxe4 {[%emt 0:01:55]} 72. fxe4 {[%emt 0:00:01]} Rf8 {[%emt 0:00:12]} 73. Kf3 {[%emt 0:00:36]} Kd7 {[%emt 0:01:37]} 74. Rb5 {[%emt 0:01:01]} Raa8 {[%emt 0:00:58]} 75. Kg2 {[%emt 0:00:11]} Ke7 {[%emt 0:00:42]} 76. Kh3 {[%emt 0:00:08]} Kf6 {[%emt 0:00:17]} 77. R1b2 {[%emt 0:00:12]} Ra6 {[%emt 0:00:24]} 78. Rb1 {[%emt 0:00:04]} Rfa8 {[%emt 0:00:07]} 79. R1b2 {[%emt 0:00:20]} Ra5 {[%emt 0:00:31]} 1/2-1/2